000 00984nas a2200289 4500
001 BR2015001715
003 BR-BrBNA
005 20231205125135.0
007 ta
008 230509b bl.|||p| |||| 00| 00por d
040 _aBR-BrBNA
_bpor
_cBiblioteca Nacional de Agricultura
041 _a(En)
072 _aL70
100 1 _aMoura, L.N.
100 1 _aNeumann, E.
100 1 _aVieira, L.Q.
100 1 _aNicoli, J.R.
245 1 _aProtection by Lactobacillus acidophilus UFV-H2B20 against experimental oral infection with Salmonella enterica subsp. enterica Ser. Typhimurium in gnotobiotic and conventional mice
_b
650 _aCAMUNDONGO
650 _aBACTERIA
650 _aSALMONELLA
650 _aIMUNOLOGIA
773 0 _tBrazilian Journal of Microbiology (Brazil)
_xISSN 1517-8382
_g(Jan-Mar 2001), v. 32(1) p. 66-69
_wBR2015001715
856 4 0 _uhttp://www.scielo.br/pdf/bjm/v32n1/5035.pdf
909 _a202311
_bLúcia
_c55
_dLúcia Elande
942 _2AGRIS
_n0
_cANA
999 _c242862
_d242862